| 000 | 00598nam a2200193 a 4500 | ||
|---|---|---|---|
| 005 | 20240925063854.0 | ||
| 008 | 991125s1974 bue 000 0 spa u | ||
| 035 | _aUPN01000023606 | ||
| 049 | _aCG | ||
| 050 | 4 |
_aLB3051 _bH6.38 |
|
| 100 | 1 | _aHotyat, Fernand | |
| 245 | 1 | 4 |
_aLos exámenes : _blos medios de evaluación en la enseñanza / _cF. Hotyat ; tr. Juan Jorge Thomas. |
| 260 |
_aBuenos Aires : _bKapelusz, _c1974. |
||
| 300 | _a226 p. | ||
| 440 | 0 |
_aBiblioteca cultura pedagógica ; _v90 |
|
| 500 | _aIncluye apéndice | ||
| 650 | 4 |
_aMediciones y pruebas educativas _94299 |
|
| 905 | _aLibro | ||
| 999 |
_c23606 _d23606 |
||